Statistics for Geography by Number of Letters #1

Click here to take the quiz!

General Stats

  • This quiz has been taken 1,419 times
  • The average score is 24 of 36

Answer Stats

#HintAnswer% Correct
4Capital of ItalyRome
100%
6Largest Africa desertSahara
97%
8Everest, K2, eg.Mountain
93%
5Suez canal countryEgypt
92%
11a.k.a. HollandNetherlands
86%
5Known as MyanmarBurma
84%
4Major Egyptian canalSuez
80%
7China's longest riverYangtze
80%
8Africa's largest lakeVictoria
79%
72nd-top world languageSpanish
76%
8Top world languageMandarin
75%
10Southernmost continentAntarctica
74%
92nd biggest Scottish cityEdinburgh
73%
11Its state abbv. is MSMississippi
73%
7US-Canada waterfallsNiagara
72%
6Alaskan-Russian straitBering
68%
9Its capital is Santa FeNew Mexico
68%
12Haiti's largest cityPort-au-Prince
67%
6Now called Ho Chi MinhSaigon
64%
6Driest US stateNevada
63%
122016 Olympic host cityRio de Janeiro
61%
12Person who makes mapsCartographer
60%
10"Little Mermaid" statue cityCopenhagen
59%
11Tanzania's tallest peakKilimanjaro
59%
7Capital of Sicily, ItalyPalermo
57%
12Liberty Bell cityPhiladelphia
57%
9Island province of EcuadorGalapagos
56%
10Busan is found hereSouth Korea
56%
4Persian, Aden, etc.Gulf
55%
5Finnish for "Finland"Suomi
51%
112nd biggest Mexican cityGuadalajara
50%
8Northern Japanese islandHokkaido
50%
9State known for cheeseWisconsin
45%
4Flat-topped hillMesa
37%
5Nauru district/capitalYaren
32%
10African Great LakeTanganyika
24%

Score Distribution

Percentile by Number Answered

Percent of People with Each Score

Your Score History

You have not taken this quiz